000 01299nam a22002777a 4500
005 20081029101444.0
008 081029t xxu||||| |||| 00| 0 hin d
010 _aHIN-84510
020 _a9788126715459
_c300.00
035 _aHN-56856
037 _bDBAD / PUB
040 _aDPL
_bHN
082 _a230.1
100 _aचौरसिया, विजय
245 _aरामायनीः लक्षमन जी की सत परीक्षा /
_cविजय चौरसिया
246 _aRamaayani:Laxman ji kii sata parikshaa
_bby Vijay Chourasia
260 _aनई दिल्ली
_bराजकमल प्रकाशन
_c2008
270 _a1-बी, नेताजी सुभाष मार्ग
_bनई दिल्ली
_e110002
300 _a267पृ
_c22सेमी (सजिल्द)
650 _aहिन्दू पौराणिक कथा
650 _aHindu mythology
650 _aराम ( हिन्दू देवता)
650 _aRama ( Hindu deity )
942 _2ddc
_cHN
_mचौरसि
_h230.1
999 _c17244
_d17244